| 000 | 00941nam a2200253Ia 4500 | ||
|---|---|---|---|
| 003 | GCL | ||
| 008 | 140319s9999 xx 000 0 ara d | ||
| 040 |
_aGCL / _cGCL |
||
| 082 | 0 | 4 |
_a780.91 _bي ر |
| 100 | 1 | _aيوسف شوقى | |
| 245 | 1 | 0 |
_aرسالة ابن المنجم فى الموسيقى وكشف رموز كتاب الاغانى : _bتحقيق وشرح وتعليق / _cيوسف شوقى |
| 260 |
_a[S.N] : _bدار الكتب ، _c1976 |
||
| 300 |
_a1016\ص ؛ _c30سم |
||
| 490 |
_aمركز تحقيق التراث _v0 |
||
| 650 | 0 | 4 | _aالشعر العربى |
| 650 | 0 | 4 | _aالحضارة العربية الاسلامية - المعارف البحرية |
| 650 | 0 | 4 | _aاللغة العربية |
| 650 | 0 | 4 | _aالموسيقى |
| 650 | 0 | 4 | _aالاغانى |
| 650 | 0 | 4 | _aالحضارة الاسلامية |
| 650 | 0 | 4 | _aالالات الموسيقية |
| 650 | 0 | 4 | _aالموسيقى الشرقية |
| 942 |
_2ddc _cBK |
||
| 999 |
_c31637 _d31637 |
||